AURORA HIDUPKU

Bibliographic Details
Main Author: Arin Arida (Author)
Format: Book
Language:Malay
Published: Kuala Lumpur : PENERBITAN KAKI NOVEL SDN BHD 2014
Subjects:

MARC

LEADER 00000cam a2200000 7i4500
001 0000029355
005 20241126.0
008 210923 my # may
020 |a 9789670448688 
040 |a INS   |b eng   |e rda 
090 0 0 |a PL5186.A75   |b A97 2014 
100 0 |a Arin Arida ,   |e author 
245 1 0 |a AURORA HIDUPKU   |c arin arida 
264 1 |a Kuala Lumpur :   |b PENERBITAN KAKI NOVEL SDN BHD   |c 2014 
300 |a iii, 832 pages pages ;   |c 19 cm. 
336 |a text  |2 rdacontent 
337 |a unmediated  |2 rdamedia 
338 |a volume  |2 rdacarrier 
650 0 |a Malay fiction 
999 |a 0000011242   |b BOOK   |c Open Shelf   |e Default branch